92 Babynamen der Woche 14/26' - Statistiken

Allgemein
  • Dieses Quiz wurde 13 mal gespielt
  • Das Durchschnittsergebnis liegt bei 46 aus 92
Antwortstatistiken
📍 Vorname % Korrekt
D.v.d ♂️ David
100%
C.m.l.a ♀️ Camilla
92%
J.c.b | J.k.b ♂️ Jacob | Jakob
92%
Lu.w.g ♂️ Ludwig
92%
B.u.o ♂️ Bruno
85%
Em.l.o ♂️ Emilio
85%
G.o.g ♂️ Georg
85%
J.n.s ♂️ Jonas
85%
J.s.f ♂️ Josef
85%
M.x ♂️ Max
85%
M.x.m ♂️ Maxim
85%
S.m.n ♂️ Simon
85%
E.i.s ♂️ Elias
77%
El.a ♀️ Elsa
77%
Fr..z.s.a ♀️ Franziska
77%
Fr..d.i.h ♂️ Friedrich
77%
G.b.i.l ♂️ Gabriel
77%
Ha.s ♂️ Hans
77%
J.m.s ♂️ James
77%
Ko.s.a.t.n ♂️ Konstantin
77%
Ma.c.s ♂️ Marcus
77%
Ma.t.n ♂️ Martin
77%
M.t.h..s ♂️ Matthias
77%
M.r..m ♀️ Miriam
77%
R.f..l ♂️ Rafael
77%
St.p..n.e ♀️ Stephanie
77%
Th.r..a ♀️ Theresa
77%
Z.e ♀️ Zoe
77%
Al..a.d.r ♂️ Alexander
69%
Al.a ♀️ Alma
69%
El.a ♀️ Ella
69%
J.n.s ♂️ Janis
69%
J.n.t..n ♂️ Jonathan
69%
Lu.a ♂️ Luca
69%
N.o ♂️ Neo
69%
R.y ♂️ Rey
69%
S.m..l ♂️ Samuel
69%
Th.r.s.a ♀️ Theresia
69%
T.f.a.y Tiffany
69%
Z.c..r..s ♂️ Zacharias
69%
M.r.a ♀️ Maria
62%
M.t..l.a ♀️ Mathilda
62%
S.b..a ♀️ Sabina
62%
St.l.a ♀️ Stella
62%
Th.r..e ♀️ Therese
62%
T.t.s ♂️ Titus
62%
H.r.t ♂️ Horst
54%
H.b..t ♂️ Hubert
54%
Ko.b.n..n ♂️ Korbinian
54%
L.z ♀️ Luz
54%
T.y ♀️ Tey
54%
V.l.r.a ♀️ Valeria
54%
K.l..n ♂️ Kilian
46%
L.v.a ♀️ Livia
46%
Tr..t.n ♂️ Tristan
46%
V.v.a.a ♀️ Viviana
46%
C.r..t.n ♀️ Christin
38%
I.a ♀️ Ira
38%
Le.n.e ♀️ Leonie
38%
M.t.l.e ♀️ Matilde
38%
S.p..e ♀️ Sophie
38%
Ci.l ♀️ Ciel
31%
F.d.l.a ♀️ Fidelia
31%
In.a ♀️ Inga
31%
Li.s ♂️ Lias
31%
M.c.e.z.e ♀️ Mackenzie
31%
T.s.i.o ♂️ Tassilo
31%
Am.y.h ♀️ Amayah
23%
C.n.n ♂️ Conan
23%
H.n..e ♀️ Hannie
23%
Lu..p..d ♂️ Luitpold
23%
Cl.i.e ♀️ Claire
15%
Fi.n.o ♂️ Finnio
15%
Io.n ♂️ Ioan
15%
K.l.e ♀️ Kylie
15%
A.i.a ♀️ Aaira
8%
Ei.a ♀️ Eira
8%
Fa.a ♀️ Faya
8%
L.n.o ♂️ Lando
8%
L.a.o ♂️ Leano
8%
M.l..a ♀️ Meliya
8%
Be.a ♀️ Beba
0%
K.l.e ♀️ Khloe
0%
Le.n..a ♀️ Leonisa
0%
L.m.a ♀️ Lumea
0%
R.u.a ♀️ Rauda
0%
R.n..m.e ♀️ Renesmee
0%
Ri.u ♀️ Riku
0%
S.r.a ♀️ Sirsa
0%
W.l..d ♂️ Waleed
0%
Y.s.i ♀️ Yesui
0%
Z.l.a ♀️ Zelda
0%
Keine übereinstimmenden Quizze gefunden
Verteilung der Resultate
Anzahl Personen mit jedem Resultat
Perzentil nach korrekt beantworteten Fragen
Ihre Resultats-Entwicklung
Sie haben dieses Quiz noch nicht gespielt